| Tag |
First Indicator |
Second Indicator |
Subfields |
| LEADER |
00000cam a2200000 a 4500 |
| 001 |
in00001298539 |
| 005 |
20240304182222.0 |
| 008 |
960401s1994 txua bt s000 0 eng d |
| 019 |
|
|
|a 33447149
|
| 027 |
|
|
|a FHWA/TX-95+1315-2
|
| 035 |
|
|
|a (OCoLC)ocm34498148
|
| 035 |
|
|
|a (OCoLC)34498148
|z (OCoLC)33447149
|
| 035 |
|
|
|a (OCoLC)ocm34498148
|
| 040 |
|
|
|a WOY
|b eng
|c WOY
|d OCL
|d CBT
|d OHI
|d IXA
|d OCLCA
|d OCLCQ
|d OCLCA
|d DMY
|d OCLCO
|d OCLCF
|d OCLCQ
|d OCLCA
|d OCLCO
|d OCLCQ
|d OCLCL
|
| 043 |
|
|
|a n-us-tx
|
| 050 |
|
4 |
|a TG315
|b .S65 1994
|
| 245 |
0 |
0 |
|a Solidification/stabilization of used abrasive media for non-structural concrete using Portland cement /
|c by Mattew T. Webster [and others].
|
| 246 |
1 |
|
|i Research project title:
|a Solidification/stabilization of hazardous blast sand
|
| 260 |
|
|
|a Austin, TX :
|b Center for Transportation Research, University of Texas ;
|a Springfield, Va. :
|b Available through the National Technical Information Service,
|c 1994.
|
| 300 |
|
|
|a x, 202 pages :
|b illustrations ;
|c 28 cm
|
| 336 |
|
|
|a text
|b txt
|2 rdacontent
|
| 337 |
|
|
|a unmediated
|b n
|2 rdamedia
|
| 338 |
|
|
|a volume
|b nc
|2 rdacarrier
|
| 490 |
1 |
|
|a Research report ;
|v no. 1315-2
|
| 513 |
|
|
|a Interim report.
|
| 500 |
|
|
|a "Conducted for the Texas Department of Transportation in cooperation with the U.S. Department of Transportation, Federal Highway Administration by the Center for Transportation Research, Construction Materials Research Group, Bureau of Engineering Research, the University of Texas at Austin."
|
| 500 |
|
|
|a "Research project 0-1315."
|
| 500 |
|
|
|a "November 1994."
|
| 520 |
|
|
|a Highway bridges in the United States are painted to resist corrosion and to help maintain the structural integrity of the bridge. Periodically, it is necessary to remove the existing paint so that the surface can be repainted. Most often the removal process consists of blasting the surface with an abrasive such as sand or slag. The blast media then contains elements present in the paint, such as cadmium, chromium and lead. The Texas Department of Transportation (TxDOT) has begun to recycle spent abrasive media in portland cement-based concrete using solidification/stabilization (S/S) techniques. This technology is designed to immobilize the metals, while recycling the spent abrasive media as a component in non-structural concrete. This study has revealed the effectiveness of portland cement-based S/S systems in recycling contaminated spent abrasive media in portland cement-based concrete. The long-term leaching behavior of metals from these concrete products was examined using sequential extraction leaching tests.
|
| 504 |
|
|
|a Includes bibliographical references (pages 199-202).
|
| 505 |
2 |
|
|a Summary -- Introduction -- Literature review -- Materials and methods -- Results -- Discussion -- Conclusions -- Appendices.
|
| 650 |
|
0 |
|a Pavements, Concrete
|x Additives.
|
| 650 |
|
0 |
|a Waste products as road materials.
|
| 650 |
|
0 |
|a Portland cement
|x Additives.
|
| 650 |
|
0 |
|a Concrete bridges
|z Texas
|x Maintenance and repair.
|
| 650 |
|
6 |
|a Déchets (Matériaux routiers)
|
| 650 |
|
6 |
|a Ponts en béton
|z Texas
|x Entretien et réparations.
|
| 650 |
|
7 |
|a Concrete bridges
|x Maintenance and repair.
|2 fast
|0 (OCoLC)fst01715665
|
| 650 |
|
7 |
|a Pavements, Concrete
|x Additives.
|2 fast
|0 (OCoLC)fst01055533
|
| 650 |
|
7 |
|a Portland cement
|x Additives.
|2 fast
|0 (OCoLC)fst01072093
|
| 650 |
|
7 |
|a Waste products as road materials.
|2 fast
|0 (OCoLC)fst01171090
|
| 651 |
|
7 |
|a Texas.
|2 fast
|0 (OCoLC)fst01210336
|1 https://id.oclc.org/worldcat/entity/E39PBJj8XjVR9hP7dPxwVtRqcP
|
| 650 |
|
7 |
|a Highway bridges.
|2 trt
|
| 650 |
|
7 |
|a Hazardous wastes.
|2 trt
|
| 650 |
|
7 |
|a Blast cleaning.
|2 trt
|
| 650 |
|
7 |
|a Recycling.
|2 trt
|
| 650 |
|
7 |
|a Solidification.
|2 trt
|
| 710 |
1 |
|
|a Texas.
|b Department of Transportation.
|
| 710 |
2 |
|
|a University of Texas at Austin.
|b Center for Transportation Research.
|
| 830 |
|
0 |
|a Research report (University of Texas at Austin. Center for Transportation Research) ;
|v no. 1315-2.
|
| 856 |
4 |
1 |
|u http://library.ctr.utexas.edu/pdf2/1315-2.pdf
|t 0
|
| 948 |
|
|
|h HELD BY TXA - 9 OTHER HOLDINGS
|
| 994 |
|
|
|a Z0
|b TXA
|
| 999 |
f |
f |
|s da5a957a-f62c-3d7b-8df1-2b173c4e9b55
|i 446d8625-f67f-38ec-8707-ab2f76e1d3df
|t 0
|
| 952 |
f |
f |
|p ric
|a Texas A&M University
|b Rellis Campus
|c Joint Library Facility
|s JLF
|d Remote Storage
|t 0
|e HE203 .T43 no.1315-2
|h Library of Congress classification
|i unmediated -- volume
|m A14820028431
|